Fujin seikatsu no kaizen /
Saved in:
| Main Author: | |
|---|---|
| Other Authors: | |
| Format: | Book |
| Language: | Japanese |
| Published: |
Tōkyō :
Ōzorasha,
1996.
|
| Series: | Sōsho joseiron ;
17. |
| Subjects: | |
| Tags: |
Add Tag
No Tags, Be the first to tag this record!
|
| LEADER | 01357cam a2200373Ia 4500 | ||
|---|---|---|---|
| 001 | 009718809-3 | ||
| 005 | 20051208102054.0 | ||
| 008 | 971017r19961920ja 000 0 jpn d | ||
| 020 | |a 4756800262 : |c Y8738 | ||
| 035 | 0 | |a ocm37943489 | |
| 040 | |a YUS |c YUS |d PIT |d HMY | ||
| 043 | |a a-ja--- | ||
| 050 | 4 | |a HQ1762 |b .S67 1995 vol.17 | |
| 100 | 1 | |6 880-01 |a Hatoyama, Haruko, |d 1861-1938. | |
| 245 | 1 | 0 | |6 880-02 |a Fujin seikatsu no kaizen / |c Hatoyama Haruko cho ; kanshū Yamazaki Tomoko. |
| 260 | |6 880-03 |a Tōkyō : |b Ōzorasha, |c 1996. | ||
| 300 | |a 2, 10, 319 p. ; |c 22 cm. | ||
| 490 | 1 | |6 880-04 |a Sōsho joseiron ; |v 17 | |
| 500 | |6 880-05 |a Reprint. Originally published: Senshindō, Taishō 9 [1920]. | ||
| 650 | 0 | |a Women |z Japan. | |
| 650 | 0 | |a Women |z Japan |x Conduct of life. | |
| 650 | 0 | |a Feminism |z Japan. | |
| 700 | 1 | |6 880-06 |a Yamazaki, Tomoko, |d 1932- | |
| 880 | 1 | |6 100-01 |a 鳩山春子, |d 1861-1938. | |
| 880 | 1 | 0 | |6 245-02 |a 婦人生活の改善 / |c 鳩山春子著; 監修山崎朋子. |
| 880 | |6 260-03 |a 東京 : |b 大空社, |c 1996. | ||
| 880 | 1 | |6 490-04 |a 叢書女性論 ; |v 17 | |
| 880 | |6 500-05 |a Reprint. Originally published: 先進堂, 大正9 [1920]. | ||
| 880 | 1 | |6 700-06 |a 山崎朋子, |d 1932- | |
| 830 | 0 | |6 880-54 |a Sōsho joseiron ; |v 17. | |
| 880 | 0 | |6 830-54 |a 叢書女性論 ; |v 17. | |
| 988 | |a 20050722 | ||
| 049 | |a HMYJ |o d | ||
| 906 | |0 OCLC | ||


